Návrh zdokonalenia podnikovej kultúry v podmienkach spoločnosti Duslo, a.s., Šaľa

Salvato in:
Dettagli Bibliografici
Autore principale: Gálová, Anna, 1967- (Autore)
Altri autori: Čambál, Miloš, 1966- (Relatore della tesi)
Natura: Manoscritto Libro
Lingua:slovacco
Pubblicazione: Trnava : STU v Bratislave MTF UPMK, 2012
Soggetti:
Accesso online:VAIS
Tags: Aggiungi Tag
Nessun Tag, puoi essere il primo ad aggiungerne!!

MARC

LEADER 00000ntm a22000003a 4500
001 stu248815
005 20160719160659.6
008 120620s2012----xo------------------slo-d
040 |a STU  |b slo 
041 0 |a slo 
044 |a xo 
100 1 |a Gálová, Anna,  |d 1967-  |4 aut  |X 37376  |7 A000037376 
242 0 0 |a Proposal of the improvement in corporate culture in Duslo, Inc.  |y eng 
245 1 |a Návrh zdokonalenia podnikovej kultúry v podmienkach spoločnosti Duslo, a.s., Šaľa 
260 |a Trnava :  |b STU v Bratislave MTF UPMK,  |c 2012 
300 |a 79 s  |c príl 
650 7 |a priemyselné manažérstvo  |2 stusub 
650 7 |a Industrial Management  |2 estusub 
650 7 |a corporate culture  |2 estusub 
650 7 |a performance  |2 estusub 
650 7 |a výkon  |2 stusub 
650 7 |a identita  |2 stusub 
650 7 |a podniková kultúra  |2 stusub 
700 1 |a Čambál, Miloš,  |d 1966-  |4 ths  |u M4000  |U MTF Materiálovotechnologická fakulta  |T MTF Ústav priemyselného inžinierstva a manažmentu  |X 279  |U M4000  |Y 84  |7 A000000279 
856 4 |a info a plný text  |u http://is.stuba.sk/zp/portal_zp.pl?podrobnosti=84500  |3 VAIS 
996 |c M*DP-10829  |l MMSKP  |s P  |a 0  |w stu248815_0001